000 00368 a2200169 4500
001 184453
020 _a85-08-01146-6
040 _cMagnum
100 _aDupré, Maria José
240 1 0 _aO cachorrinho samba
_lpor
245 1 0 _aO cachorrinho samba
300 _a112
362 0 _a2001
440 1 _aÁtica
697 _aLITERATURA INFANTO-JUVENIL
942 _cBK
999 _c184453
_d184453